ბათუმის შოთა რუსთაველის სახელმწიფო უნივერსიტეტის ბიბლიოთეკა

ქართული ენის გრამატიკა:სინტაქსი (ბიბ.ჩანაწერი № 51509)

000 -LEADER
fixed length control field 01328nam a2200253Ia 4500
001 - CONTROL NUMBER
control field 18498
003 - CONTROL NUMBER IDENTIFIER
control field GE_BSU
008 - FIXED-LENGTH DATA ELEMENTS--GENERAL INFORMATION
fixed length control field 181216s||||||||xx |||||||||||||| ||und||
020 ## - INTERNATIONAL STANDARD BOOK NUMBER
International Standard Book Number 9789941113789
040 ## - CATALOGING SOURCE
Transcribing agency GE_BSU
080 ## - UNIVERSAL DECIMAL CLASSIFICATION NUMBER
Universal Decimal Classification number 811.353.1'36(075)
100 ## - MAIN ENTRY--PERSONAL NAME
Personal name შარაშენიძე,ნინო
245 ## - TITLE STATEMENT
Title ქართული ენის გრამატიკა:სინტაქსი
245 ## - TITLE STATEMENT
Remainder of title სასკოლო კურსი:სინტაქსის საკითხები სქემები,თვალსაჩინოებები მართლწერის საკითხები, სავარჯიშოები ანალიზისათვის ტექსტის რედაქტირება ანალიტიკური კითხვები ტესტები.
245 ## - TITLE STATEMENT
Statement of responsibility, etc. რედ:სოლომონ ნოზაძე,ლალი ბაქრაძე,ლალი ჭინჭარაული.
260 ## - PUBLICATION, DISTRIBUTION, ETC.
Place of publication, distribution, etc. თბილისი
260 ## - PUBLICATION, DISTRIBUTION, ETC.
Name of publisher, distributor, etc. დიოგენე
260 ## - PUBLICATION, DISTRIBUTION, ETC.
Date of publication, distribution, etc. 2012
300 ## - PHYSICAL DESCRIPTION
Extent 184გვ;27სმ.
653 ## - INDEX TERM--UNCONTROLLED
Uncontrolled term ქართული ენა
653 ## - INDEX TERM--UNCONTROLLED
Uncontrolled term ქართული ენის გრამატიკა:სინტაქსი
942 ## - ADDED ENTRY ELEMENTS (KOHA)
Koha item type წიგნი
ეგზემპლარები
Withdrawn status Lost status Damaged status Not for loan Date acquired Barcode Date last seen Price effective from Koha item type
        2018-12-17 47514 2018-12-17 2018-12-17 წიგნი
        2018-12-17 47515 2018-12-17 2018-12-17 წიგნი
        2018-12-17 47516 2018-12-17 2018-12-17 წიგნი
        2018-12-17 47517 2018-12-17 2018-12-17 წიგნი
        2018-12-17 47518 2018-12-17 2018-12-17 წიგნი
        2018-12-17 47519 2018-12-17 2018-12-17 წიგნი
        2018-12-17 47520 2018-12-17 2018-12-17 წიგნი
        2018-12-17 47521 2018-12-17 2018-12-17 წიგნი
        2018-12-17 47522 2018-12-17 2018-12-17 წიგნი
        2018-12-17 47523 2018-12-17 2018-12-17 წიგნი
        2018-12-17 47524 2018-12-17 2018-12-17 წიგნი
        2018-12-17 47525 2018-12-17 2018-12-17 წიგნი
        2018-12-17 47526 2018-12-17 2018-12-17 წიგნი
        2018-12-17 47527 2018-12-17 2018-12-17 წიგნი
        2018-12-17 47528 2018-12-17 2018-12-17 წიგნი